000 00574nam a2200193Ia 4500
999 _c41617
_d41617
003 GCL
005 20240530103658.0
008 140319s9999 xx 000 0 ara d
040 _aGCL /
_cGCL
082 0 4 _a189.092
_bك خ
100 1 _aكيركجور , سرن
245 1 0 _aخوف ورعدة /
_cكيركجور , سرن ؛ ترجمة فؤاد كامل
300 _a176 ص. ؛
_c24 سم.
490 _aكتاب
_v0
650 0 4 _aالفلسفة الاسلامية
650 0 4 _aابراهيم عليه السلام
700 0 _aفؤاد كامل
942 _2ddc
_cBK